Comunicación política e ideología: analisis de la propaganda y el discurso político en el proceso electoral de 1978 /
Trabajo de aproximación al análisis del discurso político desde la perspectiva de la llamada Teoría de las Ideologías que, partiendo de la consideración dialéctica entre base y superestructura de una formación social concreta -como estructura de relaciones entre las instancias económica, política e...
Furkejuvvon:
| Váldodahkki: | |
|---|---|
| Materiálatiipa: | Texto |
| Giella: | Spanish |
| Fáttát: | |
| Fáddágilkorat: |
Lasit fáddágilkoriid
Eai fáddágilkorat, Lasit vuosttaš fáddágilkora!
|
MARC
| LEADER | 00000 a a2200000 04500 | ||
|---|---|---|---|
| 001 | 45518 | ||
| 003 | cru CIDCACS/IIS | ||
| 005 | 20200401103748.0 | ||
| 008 | 200401b ||||| |||| 00| 0 spa d | ||
| 999 | |c 18211 |d 18211 | ||
| 040 | |c cru CIDCACS/IIS | ||
| 100 | |a Cabrebra, Roberto | ||
| 245 | 1 | |a Comunicación política e ideología: |b analisis de la propaganda y el discurso político en el proceso electoral de 1978 / |c Roberto Cabrera | |
| 300 | |a páginas 107-193 | ||
| 520 | |a Trabajo de aproximación al análisis del discurso político desde la perspectiva de la llamada Teoría de las Ideologías que, partiendo de la consideración dialéctica entre base y superestructura de una formación social concreta -como estructura de relaciones entre las instancias económica, política e ideológica- estudia la dinámica social desde el análisis de las formas ideológicas en que se expresa la conciencia social de una época o momento histórico particular. El objeto de análisis, discurso y propaganda electoral, se desarrolla simultáneamente al mismo proceso electoral. La lucha por el poder político que se entabla a través del proceso electoral, se moviliza a través de diferentes canales y organizaciones, como lo son los medios de comunicación social y los partidos políticos, y el contenido de los diferentes mensajes ahí movilizados es parte de una comunicación política que intenta persuadir, o directamente manipular a la llamada "opinión pública", a efectos de conseguir un consenso mayoritario para la realización del poder político, más allá de los propios simpatizantes o miembros de la agrupación política. Por ello, el análisis de esos discursos adquiere una significación especial para detectar su esencia, en la mayoría de veces encubriera por una y mil formas ideológicas que van del mito a la mentira descarnada, para lo cual se trata de desentrañar los conceptos fundamentales que se encuentran en el transfondo de la propaganda y discurso de los partidos mayoritarios. EB/MR EB/MR | ||
| 650 | |a IDEOLOGIAS POLITICAS | ||
| 650 | |a CONCIENCIA DE CLASE | ||
| 650 | |a ELECCIONES | ||
| 650 | |a PROPAGANDA | ||
| 650 | |a PODER POLITICO | ||
| 650 | |a MEDIOS DE COMUNICACION DE MASAS | ||
| 650 | |a PARTIDOS POLITICOS | ||
| 650 | |a OPINION PUBLICA | ||
| 651 | 0 | |9 142 |a GUATEMALA | |
| 773 | 0 | |0 40397 |9 4508 |a Universidad de San Carlos de Guatemala. |d Guatemala: Instituto de Investigaciones Políticas y Sociales, |o MFN: 0285 |t Política y Sociedad / | |
| 942 | |2 ddc |c PP | ||
